Algunas consideraciones sobre el análisis de puentes con superestructura continua

Salvato in:
Dettagli Bibliografici
Autore principale: Bustamante Vaz, Rodrigo
Natura: Sconosciuto
Pubblicazione: [San José, Costa Rica] 1981
Tags: Aggiungi Tag
Nessun Tag, puoi essere il primo ad aggiungerne!!

MARC

LEADER 00000 a2200000 4500
003 001577
005 20221231143746.0
008 140114s1981 cr a m 000 ||s d
040 |c cru CEDI 
090 |a TFG 1123 
100 |a Bustamante Vaz, Rodrigo  |9 15721 
245 |a Algunas consideraciones sobre el análisis de puentes con superestructura continua 
260 |c 1981  |a [San José, Costa Rica] 
300 |a  viii, 102 hojas : ilustraciones ; 28 cm  
500 |a Proyecto de graduación (ingeniero civil)--Universidad de Costa Rica. Facultad de Ingeniería. Escuela de Ingeniería Civil 
942 |c TFG 
999 |c 11372  |d 11372